Library of the University of Algiers 3
Ibrahim Sultan Cheibout
شعار جامعة الجزائر 3
مكتبة جامعة الجزائر 3
إبراهيم سلطان شيبوط

إقتصاديات المالية العامة (ك2) / (رقم التسجيلة. 46359)

تفاصيل مارك
000 -LEADER
fixed length control field 00817nam a2200205Ia 4500
003 - CONTROL NUMBER IDENTIFIER
control field Ost
005 - DATE AND TIME OF LATEST TRANSACTION
control field 20260507075804.0
008 - FIXED-LENGTH DATA ELEMENTS--GENERAL INFORMATION
fixed length control field 260507s9999||||xx |||||||||||||| ||und||
040 ## - CATALOGING SOURCE
Transcribing agency fsecg
041 ## - LANGUAGE CODE
Language code of text/sound track or separate title ara
100 ## - MAIN ENTRY--PERSONAL NAME
Personal name عتلم، باهر محمد
Relator term مؤلف
245 #0 - TITLE STATEMENT
Title إقتصاديات المالية العامة (ك2) /
Statement of responsibility, etc. باهر محمد عتلم
260 ## - PUBLICATION, DISTRIBUTION, ETC.
Place of publication, distribution, etc. القاهرة:
Name of publisher, distributor, etc. مطبعة مركز التعليم المفتوح,
Date of publication, distribution, etc. 1998
300 ## - PHYSICAL DESCRIPTION
Extent 231 صفحة؛
Dimensions 24 سم
520 ## - SUMMARY, ETC.
Summary, etc. تطور النظم الاقتصادية وأثره على النظم المالية، النفقات العامة، الايرادات العامة،السياسات المالية
653 ## - INDEX TERM--UNCONTROLLED
Uncontrolled term الايرادات
653 ## - INDEX TERM--UNCONTROLLED
Uncontrolled term الضريبة
653 ## - INDEX TERM--UNCONTROLLED
Uncontrolled term النفقات العامة
942 ## - ADDED ENTRY ELEMENTS (KOHA)
Koha item type كتب
المقتنيات
Withdrawn status Lost status Source of classification or shelving scheme Damaged status Not for loan Home library Current library Date acquired Serial enumeration / chronology Inventory number Total checkouts Full call number Barcode Date last seen Price effective from Koha item type
    Library of Congress Classification   NOT LOAN / إعارة داخلية مكتبة كلية العلوم الإقتصادية والعلوم التجارية وعلوم التسيير مكتبة كلية العلوم الإقتصادية والعلوم التجارية وعلوم التسيير 07/05/2026 الطابق الأرضي 1649/2/1   أ/1649ك2ن1 1649/2/1 07/05/2026 07/05/2026 كتب

موارد الويب المفتوحة


© University of Algiers 3 All Rights Reserved
|
Implemented by LECHELAH Riad